000 00610nam a2200169 i 4500
001 108552
003 ES-MaACL
005 20230906184648.0
007 t|
008 061121s1916 sp r ||||1| spa d
100 1 _aMontesinos Petit, Rafael.
_982604
245 1 3 _aLa rehabilitación del delincuente considerada en sus impactos moral, social y legal
_b: Tesis doctoral /
_cRafael Montesinos Petit.
260 _aValencia :
_b[s.n.],
_c1916 (
_fTip. ` La Gutemberg`)
300 _a67 p. ;
_c25 cm.
650 0 4 _aDelincuentes-
_xRehabilitación.
_9135873
852 _aES-MaACL
_j1507-F-10
_z.- Ded. ms. del autor
999 _c108552
_d108552